| 000 | 01260nam a22003617a 4500 | ||
|---|---|---|---|
| 003 | CHAP | ||
| 005 | 20220329134306.0 | ||
| 008 | 971013s1997 r 00010 d | ||
| 010 | _a18251 | ||
| 011 | _a19223 | ||
| 035 | _a23308 | ||
| 040 | _cCHAP | ||
| 090 | _aTesis | ||
| 100 | 0 | 0 |
_aArguello Pinto, Enedina. _97014 |
| 245 | _aPeríodos prolongados de sequía en pitahaya (Hylocerous undatus Haworth) | ||
| 260 |
_aChapingo, Méx. : _bEl autor, _c1997 |
||
| 300 |
_a60 h. _b; gráfs. |
||
| 502 | _aTesis (Ing. Agr. Esp. en Fitotecnia) -- UACH. Departamento de Fitotecnia | ||
| 590 |
_aALEPH _b10 _c20130110 _lUCH01 _h1241 |
||
| 590 |
_aBATCH-UPD _b10 _c20130110 _lUCH01 _h0048 |
||
| 590 |
_aBATCH-UPD _b10 _c20130110 _lUCH01 _h1608 |
||
| 590 |
_aBATCH-UPD _b10 _c20130409 _lUCH01 _h2034 |
||
| 590 |
_aBATCH-UPD _b10 _c20130410 _lUCH01 _h1003 |
||
| 590 |
_aBATCH-UPD _b10 _c20130914 _lUCH01 _h0805 |
||
| 590 |
_aCONVERSION _b10 _c20130109 _lUCH01 _h1311 |
||
| 650 | 1 | 4 |
_aCactáceas _xEfecto de las sequías. _917001 |
| 650 | 1 | 4 |
_aHylocereus undatus. _957088 |
| 700 | 0 |
_aJiménez Arista, Víctor Adán. _961451 |
|
| 901 | _aBK | ||
| 942 | _cFOLL | ||
| 949 |
_bBC _cTES _d-153064 _eTS1 _h31230 _i23308 _si |
||
| 949 |
_bBC _cTES _d33724000635801 _eTS2 _fc.2 _h31231 _i23308 _si |
||
| 999 |
_c18251 _d18251 |
||